[Event "POR-chT 1st League 2017"]
[Site "Leiria"]
[Date "2017.07.22"]
[Round "8"]
[White "Figuero Toro, Julian Francisco"]
[Black "Petkov, Vladimir"]
[Result "1/2-1/2"]
[WhiteElo "2314"]
[BlackElo "2489"]
[Annotator "TA"]
[PlyCount "68"]
[EventDate "2017.??.??"]
[EventType "team-tourn"]
[EventCountry "POR"]
[SourceTitle "playchess.com"]
[Source "ChessBase"]
[SourceQuality "1"]

{[%evp 13,68,33,34,8,8,8,22,18,28,22,33,32,65,0,0,0,0,-8,-8,-8,-10,-7,-5,-6,-8,-10,-6,-12,0,0,0,-6,-6,-6,0,0,-2,-6,0,-7,0,-9,19,15,17,10,10,10,8,14,6,0,0,0,12,0,58]} 1. d4 Nf6 2. Bf4 e6 3. e3 c5 4. Nf3 Be7 5. dxc5 Bxc5 6. Be2 $146 {A46: 1 d4 Nf6 2 Nf3 e6: Torre, London and Colle Systems} ({Predecessor:} 6. c4 O-O 7. Nc3 Nc6 8. a3 b6 9. Be2 Bb7 10. O-O Be7 11. h3 Rc8 12. Rc1 d6 {½-½ (50) Kramnik,V (2777)-Bocharov,D (2560) Berlin 2015}) 6... Nc6 7. O-O d5 {LiveBook: 4 Games} 8. a3 {White is slightly better.} O-O 9. c4 dxc4 10. Bxc4 Qe7 11. Nc3 Rd8 12. Qc2 h6 13. Ne5 (13. Rfd1 $14) 13... Nxe5 $11 {The position is equal.} 14. Bxe5 Bd7 15. Ne4 Nxe4 16. Qxe4 Bc6 17. Qg4 {[%csl Ge5][%cal Rg4g7] [#]} Qg5 18. Qxg5 hxg5 19. Rfd1 Be7 20. Bb3 Bf6 21. Bxf6 gxf6 22. Rxd8+ Rxd8 {[%mdl 4096] Endgame KRB-KRB} 23. Rd1 Rc8 (23... Rb8 {seems wilder.} 24. f3 f5 25. Kf2 Kf8 26. h3 Ke7) 24. Rc1 Ra8 (24... Re8 {is interesting.} 25. h3 Kf8 26. g4 Ke7 27. Kh2 Rd8) 25. f3 Kg7 26. e4 Rh8 27. h3 Kf8 28. Rc4 Ke7 29. Ba4 Bxa4 30. Rxa4 a6 31. Rc4 {Black must now prevent Rc7+.} Kd6 32. Rd4+ Ke7 33. Rc4 {aiming for Rc7+.} Kd6 34. Rd4+ Ke5 {Precision: White = 58%, Black = 59%.} ({Better is} 34... Ke7 $11) 1/2-1/2

[Event "POR-chT 1st League 2017"]
[Site "Leiria"]
[Date "2017.07.22"]
[Round "8"]
[White "Barrero Garcia, Carlos"]
[Black "Tubio Agrasar, Pablo"]
[Result "1-0"]
[WhiteElo "2309"]
[BlackElo "1988"]
[Annotator "NA"]
[PlyCount "93"]
[EventDate "2017.??.??"]
[EventType "team-tourn"]
[EventCountry "POR"]
[SourceTitle "playchess.com"]
[Source "ChessBase"]
[SourceQuality "1"]
[TimeControl "5400+30"]

1. Nf3 {[%emt 0:05:35]} Nf6 {[%emt 0:00:16]} 2. c4 {[%emt 0:00:42]} g6 {[%emt 0:00:41]} 3. Nc3 {[%emt 0:00:08]} c5 {[%emt 0:01:12]} 4. d4 {[%emt 0:02:34]} Bg7 {[%emt 0:02:47]} 5. d5 {[%emt 0:04:37]} d6 {[%emt 0:02:25]} 6. e4 {[%emt 0:02:12]} O-O {[%emt 0:04:34]} 7. h3 {[%emt 0:01:42]} Na6 {[%emt 0:02:06]} 8. Bd3 {[%emt 0:00:16]} Nc7 {[%emt 0:00:27]} 9. O-O {[%emt 0:00:11]} Rb8 {[%emt 0:01:21]} 10. Re1 {[%emt 0:00:41]} e5 {[%emt 0:12:24]} 11. a3 Nh5 {[%emt 0:05:56]} 12. Rb1 {[%emt 0:04:05]} Bd7 {[%emt 0:02:33]} 13. b4 {[%emt 0:01:26]} b6 {[%emt 0:00:40]} 14. Bc2 {[%emt 0:03:07]} Qc8 {[%emt 0:03:22]} 15. Ba4 Bxa4 {[%emt 0:13:17]} 16. Qxa4 {[%emt 0:12:23]} cxb4 {[%emt 0:02:24]} 17. axb4 {[%emt 0:01:17]} b5 {[%emt 0:01:25]} 18. cxb5 {[%emt 0:03:57]} Qb7 {[%emt 0:00:29]} 19. Bd2 {[%emt 0:00:54]} Nxb5 {[%emt 0:03:53]} 20. Nxb5 {[%emt 0:00:32]} Qxb5 {[%emt 0:00:02]} 21. Qxb5 {[%emt 0:02:01]} Rxb5 {[%emt 0:00:03]} 22. Nh2 {[%emt 0:03:29]} Nf4 {[%emt 0:01:16]} 23. Ra1 {[%emt 0:00:56]} Bh6 {[%emt 0:10:34]} 24. Kf1 {[%emt 0:02:13]} Kg7 {[%emt 0:03:31]} 25. Red1 {[%emt 0:01:12]} Rb7 {[%emt 0:01:44]} 26. Ra6 {[%emt 0:03:19]} Rd8 {[%emt 0:00:02]} 27. Ng4 {[%emt 0:10:57]} Bg5 {[%emt 0:00:42]} 28. h4 {[%emt 0:00:13]} Be7 {[%emt 0:00:45]} 29. g3 {[%emt 0:00:52]} Nh5 {[%emt 0:00:56]} 30. Ne3 {[%emt 0:00:49]} Rc8 {[%emt 0:00:38]} 31. Rda1 {[%emt 0:01:00]} Rcc7 {[%emt 0:00:56]} 32. Ke2 {[%emt 0:00:30]} Nf6 {[%emt 0:01:51]} 33. Kd3 {[%emt 0:04:59]} Nd7 {[%emt 0:04:10]} 34. Nc4 {[%emt 0:00:49]} Nb8 {[%emt 0:00:09]} 35. R6a4 {[%emt 0:01:09]} Bf8 {[%emt 0:02:03]} 36. Na5 {[%emt 0:01:47]} Rb5 {[%emt 0:00:04]} 37. Rc1 {[%emt 0:00:16]} Rxc1 {[%emt 0:00:36]} 38. Bxc1 {[%emt 0:00:10]} a6 {[%emt 0:01:01]} 39. Kc4 {[%emt 0:00:58]} Nd7 {[%emt 0:00:02]} 40. Ra2 {[%emt 0:01:09]} f5 {[%emt 0:00:32]} 41. f3 {[%emt 0:01:18]} Nb6+ {[%emt 0:00:59]} 42. Kb3 {[%emt 0:00:44]} Nd7 {[%emt 0:02:48]} 43. Kc4 {[%emt 0:00:18]} Nb6+ {[%emt 0:00:07]} 44. Kc3 {[%emt 0:00:07]} Na8 {[%emt 0:00:12]} 45. Nc6 {[%emt 0:01:19]} Nc7 {[%emt 0:00:10]} 46. Kc4 {[%emt 0:00:26]} Rb7 {[%emt 0:00:38]} 47. Bg5 {[%emt 0:01:20]} 1-0

[Event "POR-chT 1st League 2017"]
[Site "Leiria"]
[Date "2017.07.22"]
[Round "8"]
[White "Maisuradze, Nino"]
[Black "Gonzalez Perez, Arian"]
[Result "0-1"]
[WhiteElo "2266"]
[BlackElo "2461"]
[Annotator "TA"]
[PlyCount "62"]
[EventDate "2017.??.??"]
[EventType "team-tourn"]
[EventCountry "POR"]
[SourceTitle "playchess.com"]
[Source "ChessBase"]
[SourceQuality "1"]

{[%evp 16,62,22,16,26,9,36,36,28,29,35,37,29,28,19,-62,-63,-59,-57,-57,-57,-86,-57,-57,-60,-54,-60,-106,-110,-178,-178,-178,-179,-178,-181,-533,-504,-504,-496,-554,-554,-622,-552,-539,-482,-670,-641,-1270,-1223]} 1. d4 d5 2. c4 c6 3. Nc3 Nf6 4. cxd5 cxd5 5. Bf4 Nc6 6. e3 a6 7. Bd3 Bg4 8. Nge2 e6 9. Rc1 Be7 {D10: Slav Defence: 3 cxd5 (without early Nf3) and 3 Nc3} (9... Bd6 10. Bg5 Bh5 11. a3 Bg6 12. Nf4 Bxf4 13. Bxf4 Bxd3 14. Qxd3 Nh5 15. Bg3 O-O 16. b4 Rc8 17. O-O Nxg3 18. hxg3 {½-½ (31) Sokolov,I (2626)-Akopian,V (2656) Dubai 2016}) 10. Qb3 Ra7 (10... Na5 $5 {[%cal Ra5b3]} 11. Qa4+ Nc6 $14) 11. O-O O-O {White is slightly better.} 12. Na4 Bxe2 13. Bxe2 {[#]} Ne4 $146 ({Predecessor:} 13... Nd7 14. Rfd1 Qa5 15. a3 Rc8 16. Rc2 b5 17. Nc5 Nxc5 18. dxc5 {0-1 (35) Liascovich,L (2478)-Alonso,S (2508) Saenz Pena 2014}) 14. Rfd1 g5 15. Be5 ({White should try} 15. f3 $11) 15... Nxe5 $15 16. dxe5 b5 17. Nc3 Nc5 $36 {[%mdl 2048] White is under pressure.} 18. Qc2 b4 19. Na4 Nxa4 20. Qxa4 Qb8 21. Bxa6 Qxe5 22. Rd2 (22. a3 $17) 22... Rfa8 $1 $19 23. Rc6 Qe4 $1 {And now ...b3! would win.} 24. Rd1 {[#]} b3 $1 {[%cal Bb4b3,Bb3a2][%mdl 544]} 25. Qa5 $2 (25. Qxe4 dxe4 26. Bc4 bxa2 27. Ra1) (25. axb3 Qxa4) 25... Bd8 {Black is clearly winning.} 26. Qa3 {[#]} d4 $1 27. Qa4 bxa2 28. exd4 Qb1 29. Rf1 Bf6 30. h4 Qxb2 31. hxg5 Bxd4 {Precision: White = 28%, Black = 77%.} 0-1

[Event "POR-chT 1st League 2017"]
[Site "Leiria"]
[Date "2017.07.22"]
[Round "8"]
[White "Santos, Antonio P"]
[Black "Iruzubieta Villaluenga, Jesus M"]
[Result "1/2-1/2"]
[WhiteElo "2237"]
[BlackElo "2428"]
[Annotator "TA"]
[PlyCount "111"]
[EventDate "2017.??.??"]
[EventType "team-tourn"]
[EventCountry "POR"]
[SourceTitle "playchess.com"]
[Source "ChessBase"]
[SourceQuality "1"]

{[%evp 11,111,5,33,21,18,7,0,0,8,-2,1,-21,0,0,14,-2,40,16,16,10,18,21,20,12,10,0,41,20,76,74,139,107,102,27,124,91,94,83,96,90,86,85,88,57,139,-92,-119,-102,-124,-119,-108,-108,-105,-113,-114,-211,-216,-197,-194,-193,-137,-155,-129,-150,-133,-131,0,0,0,0,0,0,0,0,0,0,0,0,0,0,0,0,0,0,0,0,0,0,0,0,0,0,0,0,0,0,0,0,0,0,0,0]} 1. d4 Nf6 2. c4 e6 3. Nf3 d5 4. Nc3 Bb4 5. cxd5 exd5 6. Bg5 Qd6 {LiveBook: 50 Games. D38: Queen's Gambit Declined: Ragozin Defence (4 Nf3 Bb4)} (6... O-O 7. e3 Bf5 8. Qb3 Bxc3+ 9. Qxc3 h6 10. Bxf6 Qxf6 11. Bd3 c6 12. Bxf5 Qxf5 13. Qb3 Qc8 14. O-O Nd7 15. Rfe1 {½-½ (60) Nakamura,H (2785)-Aronian,L (2793) Stavanger 2017}) 7. Rc1 (7. Bxf6 $5 Qxf6 8. e3 $11) 7... Ne4 8. Bd2 $146 ({Predecessor:} 8. Bh4 O-O 9. e3 c5 10. Be2 Bf5 11. dxc5 Qxc5 12. Qb3 Nc6 13. O-O Bxc3 14. bxc3 {1-0 (40) Gorelov,S (2420)-Rashkovsky,N (2540) Volgodonsk 1981}) 8... Nxd2 9. Qxd2 O-O 10. a3 Ba5 11. g3 Nc6 12. Bg2 Bf5 13. Nh4 Be4 14. O-O Bxg2 15. Kxg2 Bb6 16. Nf3 Rfe8 17. e3 $36 {[%mdl 2048] White is pushing.} Ne7 18. Na4 Nf5 19. Qc2 g6 (19... Qe6 $11 {keeps the balance.}) 20. Nxb6 $16 Qxb6 (20... cxb6 $142 21. g4 Ne7) 21. Qxc7 Qxb2 {aiming for ...Nxe3+.} 22. Rc2 ({White should try} 22. Kg1 $1 $16) 22... Qb3 (22... Qxa3 $11 23. Qxb7 Qd3) 23. Ne5 Re7 24. Qc3 Qa4 25. Rfc1 Rd8 26. Qb4 Qe8 27. Rc7 {Hoping for Qxb7.} Nd6 (27... f6 $1 $14) 28. Qc5 $2 (28. Rxe7 $16 {stays on course.} Qxe7 29. Qa5) 28... Rxc7 $17 29. Qxc7 Rc8 30. Qxd6 Rxc1 31. Qxd5 {[%mdl 4096] Endgame KQR-KQN} Rc7 32. h4 Kg7 $1 33. Qd6 {[#]} (33. Qf3 $17) 33... Qe7 $1 $19 {[%cal Re7d6]} 34. Qd5 h5 ({Weaker is} 34... Qxa3 {[#]} 35. Nxg6 $1 {[%mdl 512]} Qc1 36. Ne5 $11) 35. a4 Rc8 ({Better is} 35... b6 $19 36. a5 Qe6 37. Qxe6 fxe6 38. axb6 axb6) 36. Nd3 Rd8 37. Qf3 b6 38. d5 f5 ({Black should play} 38... Re8 $17 {And now ...Qe4 would win.} 39. Nf4 Rc8) 39. Nf4 $11 {The position is equal.} Rd6 {With the idea ...Qe4.} 40. Qd1 Qe4+ 41. Kh2 Qe7 42. Qd4+ Kh7 43. Ne6 Rxe6 44. dxe6 Qxe6 {KQ-KQ} 45. Qd8 Qf7 46. Kg2 Qb7+ 47. Kg1 a6 48. Qd6 Kg7 49. Qd4+ Kf7 50. Qc4+ Ke7 51. Qb4+ Kd7 52. Qd4+ Ke6 53. Qc4+ Kf6 54. Qd4+ (54. a5 $5 b5 55. Qd4+ Kf7 56. Qb6 $11) 54... Kf7 55. Qc4+ Kf6 56. Qd4+ {Precision: White = 53%, Black = 52%.} (56. a5 $5) 1/2-1/2

[Event "POR-chT 1st League 2017"]
[Site "Leiria"]
[Date "2017.07.22"]
[Round "8"]
[White "Ulyanovskyy, Viktor"]
[Black "Guerra, Victor"]
[Result "1-0"]
[WhiteElo "2219"]
[BlackElo "2136"]
[Annotator "NA"]
[PlyCount "99"]
[EventDate "2017.??.??"]
[EventType "team-tourn"]
[EventCountry "POR"]
[SourceTitle "playchess.com"]
[Source "ChessBase"]
[SourceQuality "1"]
[TimeControl "5400+30"]

1. e4 {[%emt 0:09:22]} c5 {[%emt 0:00:05]} 2. c4 {[%emt 0:00:12]} e6 {[%emt 0:00:36]} 3. Nc3 {[%emt 0:01:00]} Nc6 {[%emt 0:00:21]} 4. d3 {[%emt 0:01:50]} a6 {[%emt 0:05:14]} 5. f4 {[%emt 0:02:43]} d6 {[%emt 0:03:14]} 6. Nf3 {[%emt 0:00:48]} Nf6 {[%emt 0:01:31]} 7. Be2 {[%emt 0:10:27]} Be7 {[%emt 0:03:22]} 8. O-O {[%emt 0:00:39]} O-O 9. h3 {[%emt 0:12:19]} d5 {[%emt 0:11:16]} 10. e5 {[%emt 0:02:03]} Nh5 {[%emt 0:01:01]} 11. Kh2 {[%emt 0:01:22]} g6 {[%emt 0:02:15]} 12. d4 dxc4 {[%emt 0:14:22]} 13. dxc5 {[%emt 0:08:24]} Bxc5 {[%emt 0:05:49]} 14. Bxc4 {[%emt 0:01:38]} Ng7 {[%emt 0:07:01]} 15. Ne4 {[%emt 0:05:10]} Be7 {[%emt 0:01:37]} 16. Be3 {[%emt 0:02:59]} b5 {[%emt 0:07:59]} 17. Be2 {[%emt 0:03:12]} Nb4 {[%emt 0:01:02]} 18. Qxd8 {[%emt 0:10:13]} Rxd8 {[%emt 0:00:32]} 19. Bb6 {[%emt 0:00:16]} Rf8 {[%emt 0:00:53]} 20. Nf6+ {[%emt 0:03:05]} Bxf6 {[%emt 0:08:39]} 21. exf6 {[%emt 0:00:08]} Nh5 {[%emt 0:02:49]} 22. Bc5 {[%emt 0:04:41]} Nd5 {[%emt 0:00:39]} 23. Bxf8 {[%emt 0:01:07]} Kxf8 {[%emt 0:00:05]} 24. g3 {[%emt 0:00:13]} Nhxf6 {[%emt 0:01:12]} 25. a4 {[%emt 0:01:35]} b4 {[%emt 0:01:01]} 26. a5 {[%emt 0:00:35]} h5 {[%emt 0:00:13]} 27. h4 {[%emt 0:01:20]} Ng4+ {[%emt 0:03:23]} 28. Kg1 {[%emt 0:00:06]} Bb7 {[%emt 0:01:17]} 29. Ne5 {[%emt 0:00:47]} Nge3 {[%emt 0:00:28]} 30. Rfc1 {[%emt 0:00:12]} Rd8 {[%emt 0:03:43]} 31. Nd3 {[%emt 0:00:53]} Nf5 {[%emt 0:01:02]} 32. Kf2 {[%emt 0:01:32]} Nf6 {[%emt 0:01:37]} 33. Nc5 {[%emt 0:00:38]} Bc8 {[%emt 0:07:19]} 34. Rd1 {[%emt 0:00:37]} Re8 {[%emt 0:00:37]} 35. Bxa6 {[%emt 0:01:59]} e5 {[%emt 0:01:40]} 36. Bxc8 {[%emt 0:01:06]} Ng4+ {[%emt 0:00:12]} 37. Kf3 {[%emt 0:00:32]} Rxc8 {[%emt 0:00:33]} 38. a6 {[%emt 0:07:58]} Rxc5 {[%emt 0:01:20]} 39. a7 {[%emt 0:00:32]} Nh2+ {[%emt 0:01:19]} 40. Ke2 {[%emt 0:00:13]} Nxg3+ {[%emt 0:00:45]} 41. Kf2 {[%emt 0:00:25]} exf4 {[%emt 0:00:39]} 42. a8=Q+ {[%emt 0:00:30]} Kg7 {[%emt 0:00:05]} 43. Rac1 {[%emt 0:00:45]} Re5 {[%emt 0:00:31]} 44. Re1 {[%emt 0:00:34]} Ng4+ {[%emt 0:01:21]} 45. Kf3 {[%emt 0:00:32]} Rf5 {[%emt 0:00:49]} 46. Qd8 {[%emt 0:01:39]} Nf6 {[%emt 0:01:13]} 47. Rc8 {[%emt 0:00:32]} g5 {[%emt 0:00:29]} 48. hxg5 {[%emt 0:00:58]} Rxg5 {[%emt 0:00:34]} 49. Qh8+ {[%emt 0:00:40]} Kg6 {[%emt 0:00:04]} 50. Rc6 {[%emt 0:00:13]} 1-0

[Event "POR-chT 1st League 2017"]
[Site "Leiria"]
[Date "2017.07.22"]
[Round "8"]
[White "Santos, Jose Alves"]
[Black "Sousa, Andre Ventura"]
[Result "0-1"]
[WhiteElo "2196"]
[BlackElo "2368"]
[Annotator "NA"]
[PlyCount "80"]
[EventDate "2017.??.??"]
[EventType "team-tourn"]
[EventCountry "POR"]
[SourceTitle "playchess.com"]
[Source "ChessBase"]
[SourceQuality "1"]
[TimeControl "5400+30"]

1. e4 {[%emt 0:00:07]} e5 {[%emt 0:00:26]} 2. Nf3 {[%emt 0:00:24]} Nc6 {[%emt 0:00:04]} 3. Bb5 {[%emt 0:00:13]} Nf6 {[%emt 0:00:04]} 4. d4 {[%emt 0:09:31]} Nxd4 {[%emt 0:12:36]} 5. Nxd4 {[%emt 0:03:15]} exd4 {[%emt 0:00:28]} 6. e5 {[%emt 0:01:36]} c6 {[%emt 0:00:37]} 7. exf6 {[%emt 0:02:19]} Qa5+ {[%emt 0:01:27]} 8. c3 {[%emt 0:00:54]} Qxb5 {[%emt 0:00:20]} 9. Qxd4 {[%emt 0:00:50]} gxf6 {[%emt 0:00:12]} 10. Qxf6 {[%emt 0:10:41]} Rg8 {[%emt 0:00:08]} 11. a4 {[%emt 0:02:25]} Qd5 {[%emt 0:01:13]} 12. Be3 {[%emt 0:12:25]} Rxg2 {[%emt 0:10:29]} 13. Nd2 {[%emt 0:18:24]} Rg6 {[%emt 0:05:50]} 14. Qf3 {[%emt 0:00:03]} Qxf3 {[%emt 0:00:23]} 15. Nxf3 {[%emt 0:00:03]} d6 {[%emt 0:00:21]} 16. h4 {[%emt 0:01:04]} Bg4 {[%emt 0:01:09]} 17. Nd4 {[%emt 0:01:30]} h5 {[%emt 0:07:39]} 18. Kd2 {[%emt 0:02:14]} c5 {[%emt 0:00:24]} 19. Nc2 {[%emt 0:04:50]} Be7 {[%emt 0:01:30]} 20. Rae1 {[%emt 0:02:25]} Kd7 {[%emt 0:00:18]} 21. Bf4 {[%emt 0:00:41]} Rag8 {[%emt 0:04:50]} 22. b4 {[%emt 0:04:20]} Rf6 {[%emt 0:01:39]} 23. Bg3 {[%emt 0:01:46]} Bf3 {[%emt 0:00:07]} 24. Rhg1 {[%emt 0:01:02]} cxb4 {[%emt 0:03:47]} 25. cxb4 {[%emt 0:00:33]} Rg4 {[%emt 0:00:15]} 26. Kc3 {[%emt 0:09:29]} d5 {[%emt 0:01:43]} 27. Be5 {[%emt 0:04:02]} Rc6+ {[%emt 0:00:15]} 28. Kb3 {[%emt 0:01:11]} Rgc4 {[%emt 0:03:11]} 29. b5 {[%emt 0:03:12]} Rc8 {[%emt 0:00:44]} 30. Rg3 {[%emt 0:02:31]} Be4 {[%emt 0:00:17]} 31. Nd4 {[%emt 0:00:44]} Rb4+ {[%emt 0:00:04]} 32. Ka2 {[%emt 0:00:18]} Rxa4+ {[%emt 0:00:04]} 33. Kb3 {[%emt 0:00:06]} Rb4+ {[%emt 0:00:38]} 34. Ka2 {[%emt 0:00:12]} Rcc4 {[%emt 0:00:20]} 35. f3 {[%emt 0:01:00]} Ra4+ {[%emt 0:00:11]} 36. Kb2 {[%emt 0:00:08]} Rcb4+ {[%emt 0:00:35]} 37. Nb3 {[%emt 0:00:01]} Bg6 {[%emt 0:00:59]} 38. Rc1 {[%emt 0:01:47]} Rxb5 {[%emt 0:01:01]} 39. Rc7+ {[%emt 0:00:21]} Ke6 {[%emt 0:00:06]} 40. Bc3 {[%emt 0:00:46]} Ba3+ {[%emt 0:00:14]} 0-1

[Event "POR-chT 1st League 2017"]
[Site "Leiria"]
[Date "2017.07.22"]
[Round "8"]
[White "Reis, Luis Sousa"]
[Black "Sousa, Andre Ventura"]
[Result "*"]
[WhiteElo "2182"]
[BlackElo "2368"]
[Annotator "NA"]
[PlyCount "65"]
[EventDate "2017.??.??"]
[EventType "team-tourn"]
[EventCountry "POR"]
[SourceTitle "playchess.com"]
[Source "ChessBase"]
[SourceQuality "1"]
[TimeControl "5400+30"]

1. e4 {[%emt 0:00:07]} e5 {[%emt 0:00:26]} 2. Nf3 {[%emt 0:00:24]} Nc6 {[%emt 0:00:04]} 3. Bb5 {[%emt 0:00:13]} Nf6 {[%emt 0:00:04]} 4. d4 {[%emt 0:09:31]} Nxd4 {[%emt 0:12:36]} 5. Nxd4 {[%emt 0:03:15]} exd4 {[%emt 0:00:28]} 6. e5 {[%emt 0:01:36]} c6 {[%emt 0:00:37]} 7. exf6 {[%emt 0:02:19]} Qa5+ {[%emt 0:01:27]} 8. c3 {[%emt 0:00:54]} Qxb5 {[%emt 0:00:20]} 9. Qxd4 {[%emt 0:00:50]} gxf6 {[%emt 0:00:12]} 10. Qxf6 {[%emt 0:10:41]} Rg8 {[%emt 0:00:08]} 11. a4 {[%emt 0:02:25]} Qd5 {[%emt 0:01:13]} 12. Be3 {[%emt 0:12:25]} Rxg2 {[%emt 0:10:29]} 13. Nd2 {[%emt 0:18:24]} Rg6 {[%emt 0:05:50]} 14. Qf3 {[%emt 0:00:03]} Qxf3 {[%emt 0:00:23]} 15. Nxf3 {[%emt 0:00:03]} d6 {[%emt 0:00:21]} 16. h4 {[%emt 0:01:04]} Bg4 {[%emt 0:01:09]} 17. Nd4 {[%emt 0:01:30]} h5 {[%emt 0:07:39]} 18. Kd2 {[%emt 0:02:14]} c5 {[%emt 0:00:24]} 19. Nc2 {[%emt 0:04:50]} Be7 {[%emt 0:01:30]} 20. Rae1 {[%emt 0:02:25]} Kd7 {[%emt 0:00:18]} 21. Bf4 {[%emt 0:00:41]} Rag8 {[%emt 0:04:50]} 22. b4 {[%emt 0:04:20]} Rf6 {[%emt 0:01:39]} 23. Bg3 {[%emt 0:01:46]} Bf3 {[%emt 0:00:07]} 24. Rhg1 {[%emt 0:01:02]} cxb4 {[%emt 0:03:47]} 25. cxb4 {[%emt 0:00:33]} Rg4 {[%emt 0:00:15]} 26. Kc3 {[%emt 0:09:29]} d5 {[%emt 0:01:43]} 27. Be5 {[%emt 0:04:02]} Rc6+ {[%emt 0:00:15]} 28. Kb3 {[%emt 0:01:11]} Rgc4 {[%emt 0:03:11]} 29. b5 {[%emt 0:03:12]} Rc8 {[%emt 0:00:44]} 30. Rg3 {[%emt 0:02:31]} Be4 {[%emt 0:00:17]} 31. Nd4 {[%emt 0:00:44]} Rb4+ {[%emt 0:00:04]} 32. Ka2 {[%emt 0:00:18]} Rxa4+ {[%emt 0:00:04]} 33. Kb3 {[%emt 0:00:06]} *

[Event "POR-chT 1st League 2017"]
[Site "Leiria"]
[Date "2017.07.22"]
[Round "8"]
[White "Leao, Tiago Miguel Da Sil"]
[Black "Lombaers, Peter"]
[Result "0-1"]
[WhiteElo "2075"]
[BlackElo "2327"]
[Annotator "NA"]
[PlyCount "136"]
[EventDate "2017.??.??"]
[EventType "team-tourn"]
[EventCountry "POR"]
[SourceTitle "playchess.com"]
[Source "ChessBase"]
[SourceQuality "1"]
[TimeControl "5400+30"]

1. e4 {[%emt 0:01:20]} c5 {[%emt 0:00:05]} 2. Nf3 {[%emt 0:00:03]} e6 {[%emt 0:00:04]} 3. d4 {[%emt 0:00:03]} cxd4 4. Nxd4 {[%emt 0:00:04]} Nc6 {[%emt 0:00:10]} 5. Nc3 {[%emt 0:00:04]} Qc7 {[%emt 0:00:05]} 6. Be3 {[%emt 0:00:28]} a6 {[%emt 0:00:06]} 7. Qf3 {[%emt 0:00:06]} d6 {[%emt 0:00:09]} 8. O-O-O {[%emt 0:00:54]} Bd7 {[%emt 0:00:05]} 9. Qg3 {[%emt 0:01:36]} Nf6 {[%emt 0:05:49]} 10. f4 {[%emt 0:06:36]} g6 {[%emt 0:16:31]} 11. Bd3 {[%emt 0:18:04]} Bg7 {[%emt 0:03:03]} 12. f5 {[%emt 0:07:47]} O-O {[%emt 0:05:08]} 13. h4 {[%emt 0:04:17]} Rfe8 {[%emt 0:21:16]} 14. fxg6 {[%emt 0:06:58]} hxg6 {[%emt 0:00:21]} 15. h5 {[%emt 0:03:13]} Nxd4 {[%emt 0:09:33]} 16. Bxd4 {[%emt 0:14:35]} Nxh5 {[%emt 0:01:37]} 17. Rxh5 {[%emt 0:00:40]} Bxd4 {[%emt 0:00:36]} 18. Rf1 {[%emt 0:04:50]} Be5 {[%emt 0:12:44]} 19. Qf3 {[%emt 0:09:47]} Bc6 {[%emt 0:04:26]} 20. Rg5 {[%emt 0:06:17]} Qe7 {[%emt 0:01:32]} 21. Qg4 {[%emt 0:01:37]} Kg7 {[%emt 0:02:27]} 22. Nd5 {[%emt 0:01:11]} exd5 {[%emt 0:07:14]} 23. exd5 {[%emt 0:00:07]} Qxg5+ {[%emt 0:00:42]} 24. Qxg5 {[%emt 0:00:21]} Bxd5 {[%emt 0:00:04]} 25. b3 {[%emt 0:05:45]} b5 {[%emt 0:01:00]} 26. Kd1 {[%emt 0:00:25]} Rac8 {[%emt 0:01:54]} 27. Qg4 {[%emt 0:01:21]} Be6 {[%emt 0:00:57]} 28. Bf5 {[%emt 0:01:20]} Bxf5 {[%emt 0:00:13]} 29. Rxf5 {[%emt 0:00:05]} Bc3 {[%emt 0:00:22]} 30. Rf1 {[%emt 0:00:07]} b4 {[%emt 0:02:06]} 31. Qd7 {[%emt 0:01:05]} Rf8 {[%emt 0:02:31]} 32. Ke2 {[%emt 0:00:49]} Bf6 {[%emt 0:02:33]} 33. Kd1 {[%emt 0:01:19]} Rcd8 {[%emt 0:00:21]} 34. Qa7 {[%emt 0:00:38]} Ra8 {[%emt 0:00:42]} 35. Qd7 {[%emt 0:00:14]} a5 {[%emt 0:00:14]} 36. Qb7 {[%emt 0:00:43]} Bc3 {[%emt 0:00:15]} 37. Ke2 {[%emt 0:01:05]} Rae8+ {[%emt 0:00:24]} 38. Kd3 {[%emt 0:00:23]} Re5 {[%emt 0:00:21]} 39. a4 {[%emt 0:01:42]} Rg5 {[%emt 0:00:41]} 40. Rf3 {[%emt 0:01:12]} d5 {[%emt 0:00:41]} 41. g3 {[%emt 0:00:31]} Rh5 {[%emt 0:00:25]} 42. Rf2 {[%emt 0:00:24]} Re5 {[%emt 0:00:46]} 43. Qc7 {[%emt 0:00:19]} Re1 {[%emt 0:00:30]} 44. Qd7 {[%emt 0:00:41]} Rg1 {[%emt 0:00:32]} 45. Rf3 {[%emt 0:00:51]} Rg2 {[%emt 0:00:05]} 46. Qe7 {[%emt 0:00:27]} Rd2+ {[%emt 0:00:20]} 47. Ke3 {[%emt 0:00:07]} Rxc2 {[%emt 0:00:23]} 48. g4 {[%emt 0:00:52]} Rb2 {[%emt 0:00:25]} 49. g5 {[%emt 0:00:25]} Rxb3 {[%emt 0:00:14]} 50. Ke2 {[%emt 0:00:12]} Rb2+ {[%emt 0:00:14]} 51. Kf1 {[%emt 0:00:23]} Ra2 {[%emt 0:00:44]} 52. Qc7 {[%emt 0:01:05]} Rxa4 {[%emt 0:00:28]} 53. Rxc3 {[%emt 0:00:13]} bxc3 {[%emt 0:00:05]} 54. Qxc3+ {[%emt 0:00:43]} Kg8 {[%emt 0:00:05]} 55. Qb3 {[%emt 0:00:30]} Rf4+ {[%emt 0:00:04]} 56. Ke2 {[%emt 0:00:19]} Rf5 {[%emt 0:00:05]} 57. Qa4 {[%emt 0:00:40]} Rxg5 {[%emt 0:00:08]} 58. Qxa5 {[%emt 0:00:05]} Re8+ {[%emt 0:00:06]} 59. Kf3 {[%emt 0:00:08]} Rf5+ {[%emt 0:00:04]} 60. Kg3 {[%emt 0:00:11]} Re3+ {[%emt 0:00:07]} 61. Kg2 {[%emt 0:00:09]} Re4 {[%emt 0:00:19]} 62. Kh3 {[%emt 0:00:31]} Kh7 {[%emt 0:00:23]} 63. Qa8 {[%emt 0:00:40]} Ree5 {[%emt 0:00:47]} 64. Kg4 {[%emt 0:00:18]} d4 {[%emt 0:00:26]} 65. Qd8 {[%emt 0:00:53]} Rd5 {[%emt 0:00:07]} 66. Qh4+ {[%emt 0:00:19]} Kg7 {[%emt 0:00:09]} 67. Qe1 {[%emt 0:00:11]} d3 {[%emt 0:00:25]} 68. Qa1+ {[%emt 0:00:08]} Rfe5 {[%emt 0:00:05]} 0-1